000 00400nam a2200157Ia 4500
003 GCL
008 140319s9999 xx 000 0 eng d
040 _aGCL /
_cGCL
082 0 4 _a401.41
_bH S
100 1 _aHAWKES,TERRNCE
245 1 0 _aSTRULURALISM SEMIATICS /
_cHAWKES,TERRNCE
260 _a[S.N] :
_bROUTTEDGE CO L TD ،
_c1992
650 0 4 _aSEMIOTICS
650 0 4 _aSTRUCTURE
942 _2ddc
_cBK
999 _c16706
_d16706